Counselling methods and techniques (Record no. 10663)

MARC details
000 -LEADER
fixed length control field 00505cam a2200193ua 4500
001 - CONTROL NUMBER
control field 11885
005 - DATE AND TIME OF LATEST TRANSACTION
control field 20260515114818.0
008 - FIXED-LENGTH DATA ELEMENTS--GENERAL INFORMATION
fixed length control field 191115n ii |||gr||||Z||||||eng
020 ## - INTERNATIONAL STANDARD BOOK NUMBER
International Standard Book Number 9789382126539
040 ## - CATALOGING SOURCE
Transcribing agency MAIN
082 ## - DEWEY DECIMAL CLASSIFICATION NUMBER
Classification number 158.3
100 ## - MAIN ENTRY--PERSONAL NAME
Personal name S.M.Upadhyay,
Relator term Author.
245 ## - TITLE STATEMENT
Title Counselling methods and techniques
Statement of responsibility, etc. By S.M.Upadhyay
260 ## - PUBLICATION, DISTRIBUTION, ETC.
Place of publication, distribution, etc. New Delhi:
Name of publisher, distributor, etc. Astha publishers & distributors,
Date of publication, distribution, etc. 2014.
300 ## - PHYSICAL DESCRIPTION
Extent 216p.
653 ## - INDEX TERM--UNCONTROLLED
Uncontrolled term Applied psychology
653 ## - INDEX TERM--UNCONTROLLED
Uncontrolled term Counselling
942 ## - ADDED ENTRY ELEMENTS (KOHA)
Koha item type Books
Holdings
Withdrawn status Lost status Damaged status Not for loan Home library Current library Shelving location Date acquired Total checkouts Full call number Barcode Date last seen Copy number Price effective from Koha item type
        Naharkatiya College Library Naharkatiya College Library General stacks 09/19/2020   158.3career | UPA 24552 09/19/2020 1 09/19/2020 Books